000 00957nas a2200313 4500
001 74909
010 _a978-972-2353-29-8
021 _aPT
_b377762/14
090 _a74909
100 _a20141105d2014 da y0pory50030103ba
101 0 _apor
102 _aPT
105 _ay z 000ay
106 _ar
200 1 _aNa terra da Rainha
_fPaula Pimenta
205 _a1<U+00AA> ed
210 9 _aLisboa
_cPresença,
_d2014
215 _a325, [2] p.
_d22 cm
225 2 _a?A ?minha vida é um filme
_v2
675 _a087.5
_vBN
_zpor
675 _a82
_vBN
_zpor
700 1 _aPimenta,
_bPaula,
_f1975-
801 0 _aPT
_bBN
_gRPC
856 4 1 _uhttp://rnod.bnportugal.gov.pt/ImagesBN/winlibimg.aspx?skey=&doc=1888296&img=50760&save=true
942 _cMON
_n0